000 00790nam a2200229 i 4500
001 91263
003 ES-MaACL
005 20250712024117.0
007 t|
008 050128s1968 sp afo |||| |bspa d
080 _a929:75 Velázquez, Diego de
100 1 _aLepore, Mario.
_971730
245 1 0 _aVelázquez /
_ctexto de Mario Lepore ; traducción y adaptación de Antonio Iglesias Laguna.
260 _aMadrid :
_bPrensa Española,
_c[1968]
300 _a75 p., 1 lám. :
_bil. ;
_c29 cm.
490 1 _aGrandes de todos los tiempos
600 1 4 _aVelázquez, Diego,
_d1599-1660
_9113793
700 1 _aIglesias Laguna, Antonio,
_d1927-1972
_965122
830 0 _aGrandes de todos los tiempos
_9184021
852 _aES-MaACL
_jC-35642
_z. - enc. cart.
999 _c91263
_d91263